00530nam a2200181Ii 45000010005000000030009000050080041000140400033000550410008000880820014000961000036001102450045001462640064001913000012002553360026002673370028002933380027003213695CO-ViMGA241108s9999||||xx |||||||||||||| ||und|| aCO-ViMGAbspaerdacCO-ViMGA0 aunk04a339-E229m1 aHernán Echavarría Olózaga10aMacroeconomía de la América cafetera 1a[Lugar de publicación no identificado] : Carvajal, [19??] avolumen atextbtxt2rdacontent aunmediatedbn2rdamedia avolumebnc2rdacarrier